000 00471nam a2200181Ia 4500
001 10675
005 20260306161849.0
008 260306t2015||||xx |||||||||||||| ||spa||
041 _aESP
082 _a946.057
_bG63
100 _aGómez de Liaño, Ignacio
_eAUT
245 0 _aEl reino de las luces:
_bCarlos III entre el Viejo y el Nuevo Mundo
260 _c2015
300 _a406 páginas :
_c22 cm.
650 _aGEN
654 _aCHU
942 _cLIB
_dJUS
_fJUS
_2ddc
_n
999 _c10675
_d10675